Statistics for Active Separatist Movements in the USA

Click here to take the quiz!

General Stats

  • This quiz has been taken 24 times
  • The average score is 8 of 14

Answer Stats

Answer% Correct
Republic of Texas
100%
Puerto Rico
95%
Second Californian Republic
90%
Republic of Alaska
86%
Vermont Republic
71%
Republic of Cascadia
67%
United States Virgin Islands
67%
New Hampshire
57%
Republic of New England
52%
Aztlan
38%
Deseret
33%
Republic of New Afrika
29%
Southern United States (Dixieland)
14%
Northwest American Republic
10%

Score Distribution

Percentile by Number Answered

Percent of People with Each Score

Your Score History

You have not taken this quiz